000 00607nam a2200145Ia 4500
003 GCL
008 140319s9999 xx 000 0 ara d
040 _aGCL /
_cGCL
082 0 4 _a920.17
_bص م
100 1 _aابن جميع : ابى الحسين محمد بن احمد بن محمد بن جميع الغسانى الصيداوى
245 1 0 _aكتاب معجم الشيوخ /
_cابن جميع : ابى الحسين محمد بن احمد بن محمد بن جميع الغسانى الصيداوى
260 _aبيروت :
_bدار الايمان ،
_c1985
300 _a550 ص ؛
_c24 سم
490 _a
999 _c54125
_d54125